000 00826cam a2200277 4500
999 _c329485
_d329485
001 2202115
003 NUST
005 20170510105749.0
008 730614s1972 enka b 001 0 eng
010 _a 73330811
015 _aB72-15270
020 _a0140802975
040 _aDLC
_cDLC
_dDLC
050 0 0 _aQC776
_b.R45
082 0 0 _a539.723 REI
100 1 _aReid, J. M.
_q(John McArthur)
_9258
245 1 4 _aThe atomic nucleus
_c[by] J. M. Reid.
260 _aHarmondsworth,
_bPenguin,
_c1972.
300 _a269 p.
_billus.
_c21 cm.
350 _a£2.35
490 0 _aPenguin education
490 0 _aPenguin library of physical sciences: physics
500 _aP.B
504 _aBibliography: p. 261-262.
650 0 _aNuclear physics.
_9259
906 _a7
_bcbc
_corignew
_d3
_encip
_f19
_gy-gencatlg
942 _2ddc
_cBK
_k539.723 REI